Nguyên ơi! : Tưởng nhớ con trai yêu quý!
Bewaard in:
| Hoofdauteur: | |
|---|---|
| Formaat: | Boek |
| Taal: | Undetermined |
| Gepubliceerd in: |
Hà Nội
Quân đội Nhân dân
2006
|
| Onderwerpen: | |
| Tags: |
Voeg label toe
Geen labels, Wees de eerste die dit record labelt!
|
| Thư viện lưu trữ: | Trung tâm Học liệu Trường Đại học Cần Thơ |
|---|
| LEADER | 00601nam a2200217Ia 4500 | ||
|---|---|---|---|
| 001 | CTU_112432 | ||
| 008 | 210402s9999 xx 000 0 und d | ||
| 020 | |c 34000 | ||
| 082 | |a 895.92234 | ||
| 082 | |b Tr309 | ||
| 100 | |a Lê, Hải Triều | ||
| 245 | 0 | |a Nguyên ơi! : | |
| 245 | 0 | |b Tưởng nhớ con trai yêu quý! | |
| 245 | 0 | |c Lê Hải Triều | |
| 260 | |a Hà Nội | ||
| 260 | |b Quân đội Nhân dân | ||
| 260 | |c 2006 | ||
| 650 | |a Vietnamese fiction | ||
| 650 | |y 21st century | ||
| 904 | |i Minh | ||
| 980 | |a Trung tâm Học liệu Trường Đại học Cần Thơ | ||